| 000 | 01084nam a22002657a 4500 | ||
|---|---|---|---|
| 005 | 20170502151328.0 | ||
| 010 | _a1617EN ENG-116937 | ||
| 020 |
_a9780198072638 _c545.00 |
||
| 035 | _aB-651276-282 | ||
| 035 | _aB-666229 | ||
| 035 | _aEN-100469 | ||
| 037 |
_bPragati _adpl |
||
| 037 | _bDBAD/PUB | ||
| 082 | _a658.4210954 | ||
| 100 | _aRoy, Rajeev | ||
| 245 |
_aEntrepreneurship / _cby Rajeev Roy |
||
| 250 | _a2nd ed | ||
| 260 |
_c2016 (rp) _aNew Delhi _bOxford University Press |
||
| 270 |
_aYMCA Library Building, 1, Jai Singh Road, _bNew Delhi _e110001. |
||
| 300 |
_c24cm(pbk) : _axvi,571p. _bill. |
||
| 500 | _aIncludes bibliographical references and index | ||
| 942 |
_cEN _2ddc _h658.4210954 _mROY |
||
| 999 |
_c101883 _d101883 |
||